LEADER 00864nam0-2200301---450- 001 990008591390403321 005 20071204162345.0 035 $a000859139 035 $aFED01000859139 035 $a(Aleph)000859139FED01 035 $a000859139 100 $a20071204d1989----km-y0itay50------ba 101 1 $aita$aeng 102 $aIT 105 $a--------001cy 200 1 $a<>debito del Terzo Mondo$fSusan George$gtraduzione di Giancarlo Costadoni 210 $aRoma$cEdizioni Lavoro$dİ1989 215 $ax, 357 p.$ctav.$d22 cm 610 0 $aDebito estero$aPaesi in via di sviluppo 676 $a336.3435091724$v21$zita 700 1$aGeorge,$bSusan$0120065 801 0$aIT$bUNINA$gRICA$2UNIMARC 901 $aBK 912 $a990008591390403321 952 $aB / GEO 1$fBFS 959 $aBFS 996 $aDebito del Terzo Mondo$9713367 997 $aUNINA LEADER 01934nam 2200433 450 001 9910554214503321 005 20230630000400.0 010 $a3-11-070986-4 035 $a(CKB)4100000011768967 035 $a(DE-B1597)555671 035 $a(OCoLC)1241446276 035 $a(DE-B1597)9783110709865 035 $a(MiAaPQ)EBC6510042 035 $a(Au-PeEL)EBL6510042 035 $a(EXLCZ)994100000011768967 100 $a20211005d2021 uy 0 101 0 $aeng 135 $aur||||||||||| 181 $ctxt$2rdacontent 182 $cc$2rdamedia 183 $acr$2rdacarrier 200 10$aSystems with non-smooth inputs $emathematical models of hysteresis phenomena, biological systems, and electric circuits /$fJu?rgen Appell [and three others] 210 1$aBerlin ;$aBoston :$cDe Gruyter,$d[2021] 210 4$dİ2021 215 $a1 online resource (XVIII, 270 p.) 311 $a3-11-070630-X 327 $tFrontmatter -- $tIntroduction -- $tContents -- $t1 DN-systems: theory -- $t2 DN-systems: applications -- $t3 Equations with nonlinear differentials -- $t4 Smooth approximating models -- $tAppendix: Mathematica Procedures -- $tBibliography -- $tIndex 330 $aThe authors present a completely new and highly application-oriented field of nonlinear analysis. The work covers the theory of non-smooth input-output systems and presents various methods to non-standard applications in mathematics and physics. A particular focus lies on hysteresis and relay phenomena, electric circuits with diode nonlinearities, and biological systems with constraints. 606 $aHysteresis$xMathematical models 615 0$aHysteresis$xMathematical models. 676 $a538.3 700 $aAppell$b Ju?rgen$0350374 801 0$bMiAaPQ 801 1$bMiAaPQ 801 2$bMiAaPQ 906 $aBOOK 912 $a9910554214503321 996 $aSystems with non-smooth inputs$92817938 997 $aUNINA